[Event "Nizhnij Novgorod Region-ch"]
[Site "Nizhnij Novgorod"]
[Date "2012.10.13"]
[Round "?"]
[White "Nazarov, Nikita"]
[Black "Churakhina, Lidiya"]
[Result "1-0"]
[WhiteElo "1560"]
[BlackElo "1457"]
[PlyCount "39"]
[EventDate "2012.10.06"]
[EventType "swiss"]
[EventRounds "9"]
[EventCountry "RUS"]
[SourceTitle "EXT 2022"]
[Source "ChessBase"]
[SourceDate "2021.10.06"]
[SourceVersion "1"]
[SourceVersionDate "2021.10.06"]
[SourceQuality "1"]

1. d4 b6 2. e4 e6 3. Nf3 h6 4. Bd3 Nf6 5. 0-0 Be7 6. Bf4 Bb7 7. Re1 d6 8. Nc3 a6 9. Qd2 Nh5 10. Be3 Nc6 11. a3 Qd7 12. Rab1 0-0-0 13. b4 Na7 14. Qe2 b5 15. d5 Kb8 16. Nd1 g6 17. c4 exd5 18. exd5 c6 19. Bxa7+ Kxa7 20. Qxe7 1-0

[Event "Nizhnij Novgorod Region-ch"]
[Site "Nizhnij Novgorod"]
[Date "2012.10.08"]
[Round "?"]
[White "Nazarov, Nikita"]
[Black "Vybin, Sergey"]
[Result "0-1"]
[WhiteElo "1560"]
[BlackElo "1736"]
[PlyCount "48"]
[EventDate "2012.10.06"]
[EventType "swiss"]
[EventRounds "9"]
[EventCountry "RUS"]
[SourceTitle "EXT 2022"]
[Source "ChessBase"]
[SourceDate "2021.10.06"]
[SourceVersion "1"]
[SourceVersionDate "2021.10.06"]
[SourceQuality "1"]

1. d4 Nf6 2. Nf3 g6 3. c4 Bg7 4. Nc3 d5 5. Bg5 Ne4 6. cxd5 Nxg5 7. Nxg5 e6 8. Nf3 exd5 9. e3 0-0 10. Be2 c5 11. 0-0 Nc6 12. Qd2 cxd4 13. exd4 Bg4 14. Rfe1 Bxf3 15. Bxf3 Nxd4 16. Bxd5 Rc8 17. Rad1 Rc7 18. Re4 Nc6 19. Qe3 Rd7 20. Bxf7+ Kxf7 21. Rf4+ Bf6 22. Re1 Kg7 23. Qe6 Re7 24. Rxf6 Rxe6 0-1